| 000 | 00928nam a22002777a 4500 | ||
|---|---|---|---|
| 999 |
_c33002 _d33002 |
||
| 001 | 1856 | ||
| 003 | CO-MdFUSB | ||
| 005 | 20190202100410.0 | ||
| 008 | 170523t2000 s ||||| |||| 00| 0 s d | ||
| 020 | _a84-8169-353-7 | ||
| 040 |
_aCO-MdFUSB _bspa _cCO-MdFUSB _dCO-MdFUSBC _erda |
||
| 041 | 0 | _aspa | |
| 082 | 0 | 4 | _aG 220.66 D938m |
| 100 | 1 |
_aDupont Roc, Roselyne _eautor |
|
| 245 | 4 |
_aLos manuscritos de la Biblia y la crítica textual _c / Roselyne Dupont-Roc, Philippe Mercier ; Pedro Barrado, Traductor |
|
| 264 | 4 |
_aEstella, Navarra, España : _bVerbo Divino, _c©2000 |
|
| 300 |
_a66 Pag _b: _c; |
||
| 336 |
_2rdacontent _atexto _btxt |
||
| 337 |
_2rdamedia _asin mediación _bn |
||
| 338 |
_2rdacarrier _avolumen _bnc |
||
| 500 | _aTítulo original : Les manuscrits de la Bible et la critique textuelle | ||
| 650 | 7 |
_aCrítica textual _2 _9482 |
|
| 650 | 0 |
_aBiblia _916 |
|
| 653 | _aBiblia - Manuscritos | ||
| 942 | _cBK | ||